000
00312nam a2200133Ia 4500
005
20251222155108.0
008
251222s9999||||xx |||||||||||||| ||spa||
082
_a
MEQ. 33.7
100
_a
RESTREPO M.
245
0
_a
Enfermedades Infecciosas 3era. Edición
250
_a
3ra. ed.
264
_b
CIB
942
_c
LIB
999
_c
37949
_d
37949